LDR 01602naa#a2200229#i#450# 001 RU\\bibl\123251 005 20260603224040.3 011 ## _a2782-5957 100 ## _a20260529b2026####ek#y0rusy0150####ca 102 ## _aRU 200 1# _aЗАКОНОМЕРНОСТИ ИЗНОСА ФОКУСИРУЮЩЕЙ ТРУБКИ СОПЛА ГИДРОАБРАЗИВНОЙ УСТАНОВКИ ПРИ ВВЕДЕНИИ ПОВЕРХНОСТНО-АКТИВНЫХ ВЕЩЕСТВ _eЖурнальная статья 210 1# _aБрянск _cБрянский государственный технический университет _d2026 215 ## _a10 с. 608 ## _aЖурнальная статья _2local 675 ## _aОбработка резанием (снятием стружки).Резка (разделительные операции без образования стружки).Дробление и измельчение.Обработка листового материала.Изготовление резьбы и т.д. Способы (технология), инструменты, машины и приспособления. 621.9 _z 686 ## _aОбщая технология машиностроения. Обработка металлов. 345 _2bbk 700 #1 _aКожус _gОльга Геннадьевна 700 #1 _aБарсуков _gГеннадий Валерьевич 700 #1 _aНоздрин _gЕгор Дмитриевич 700 #1 _aТинякова _gЕлизавета Алексеевна 700 #1 _aЗенкина _gПолина Никитична 856 4# _anaukaru.ru _u